| 000 | 00646 a2200181 4500 | ||
|---|---|---|---|
| 020 | _a013956442X | ||
| 040 |
_aDLC _bDLC |
||
| 082 | 0 | 0 | _a621.382/16 |
| 100 | 1 | _aBlack, Uyless D. | |
| 245 | 1 | 0 |
_aResidential broadband networks : xDSL HFC and fixed wireless access _cUyless Black. |
| 260 |
_aUpper Saddle River, NJ : _bPrentice Hall, _c1998. |
||
| 300 |
_axiv, 255 p. : _bill. ; _c24 cm. |
||
| 440 | 0 | _aPrentice Hall series in advanced communications technologies | |
| 650 | 0 | _aBroadband communication systems. | |
| 650 | 0 | _aTelephone switching systems, Electronic. | |
| 650 | 0 | _aWireless communication systems. | |
| 942 |
_cBK _k621.38216 BLA _2ddc |
||
| 999 |
_c8187 _d8187 |
||